00535nam a2200181Ii 450000100060000000300090000600800410001504000330005604100080008908200160009710000270011324500540014026400660019430000120026033600260027233700280029833800270032610594CO-ViMGA241108s9999||||xx |||||||||||||| ||und|| aCO-ViMGAbspaerdacCO-ViMGA0 aunk04a986.14-S4871 aRafael Serrano Camargo10aEn aquella ciudad :bcrónica minima de Bogotá 1a[Lugar de publicación no identificado] : Tercer Mundo, 1981 avolumen atextbtxt2rdacontent aunmediatedbn2rdamedia avolumebnc2rdacarrier